Statistics for The UNDERTALE Quiz

Click here to take the quiz!

General Stats

  • This quiz has been taken 22 times
  • The average score is 11 of 15

Answer Stats

QuestionAnswer% Correct
Mettaton was created by who?Alphys
95%
Who is the king of all monsters?Asgore
95%
The First Fallen ChildChara
95%
The Main CharacterFrisk
95%
Where did the main character fall?Mt. Ebott
89%
What did Chara and Asriel put in the pie instead of cups of butter?Buttercups
84%
First and Last Souls to fallDetermination
84%
Nickname of AsgoreFluffybuns
84%
Who does Papyrus have his cooking lessons with?Undyne
84%
Who was the first royal scientist?W.D. Gaster
84%
How was Flowey created?Alphys put determination into a flower
68%
How many wizards did create the barrier?7
53%
Who was behind the purple door at the end of Snowdin?Toriel
47%
The Number of Fallen Children8
42%
Where do we get the colors of the souls?"Ball"
16%

Score Distribution

Percentile by Number Answered

Percent of People with Each Score

Your Score History

You have not taken this quiz